000
00300nam a2200109Ia 4500
008
200302s9999 xx 000 0 und d
100
_a
Herbert Girardet
245
_a
The Gaia atlas of Cities new directions for sustainable urban living
260
_b
Gaia Books Limited
260
_c
1992
300
_a
191
999
_c
6090
_d
6090